Znasz wszystkich Władców Polski - Statystyki

Ogólne statystyki
  • Ten quiz został rozwiązany 34 razy
  • Średni wynik to 24 z 47
Statystyki odpowiedzi
Hint Odpowiedź % Poprawnych
Król Bolesław I Chrobry
100%
Książę Mieszko I
96%
Król Kazimierz III Wielki
85%
Król Władysław II Jagiełło
85%
Książę Bolesław III Krzywousty
81%
Książę Kazimierz I Odnowiciel
73%
Król Polski i wielki książę litewski Stanisław Poniatowski
69%
Królowa Jadwiga Andegaweńska
65%
Król Mieszko II Lambert
65%
Król Władysław I Łokietek
65%
Król Polski i wielki książę litewski Władysław IV Waza
65%
Król Polski i wielki książę litewski Zygmunt II August
65%
Król Polski i wielki książę litewski Zygmunt III Waza
65%
Król Polski i wielki książę litewski August III
62%
Książę Warszawski Fryderyk II August
62%
Król Polski i wielki książę litewski Jan III Sobieski
62%
Król Polski i wielki książę litewski Stefan Batory
62%
Król Zygmunt I Stary
62%
Król Bolesław II śmiały
58%
Król Kazimierz IV Jagiellończyk
58%
Król Polski i wielki książę litewski August II Mocny
54%
Król Polski i wielki książę litewski Henryk Walezy
54%
Król Polski i wielki książę litewski Jan II Kazimierz
54%
Król Władysław III Warneńczyk
54%
Król Aleksander Jagiellończyk
50%
Król Polski i wielki książę litewski Michał Korybut Wiśniowiecki
50%
Król Przemysł II
50%
Król Ludwik Węgierski
46%
Książę zwiechrzni Mieszko III Stary
46%
Król Polski i wielki książę litewski Stanisław Leszczyński
46%
Król Wacław II
46%
Król Wacław III
46%
Król Jan I Olbracht
42%
Książę zwiechrzni Leszek Biały
42%
książę Władysław Herman
42%
Książę zwiechrzni Henryk II Pobożny
31%
Książę zwiechrzni Konrad Mazowiecki
31%
Książę zwiechrzni Bolesław Wstydliwy
27%
Książę zwiechrzni Władysław II Wygnaniec
27%
Książę zwiechrzni Bolesław IV Kędzierzawy
23%
Książę zwiechrzni Henryk I Brodaty
23%
Książę zwiechrzni Kazimierz II Sprawiedliwy
23%
Książę zwiechrzni Leszek Czarny
23%
Książę zwiechrzni Henryk Probus
19%
Książę zwiechrzni Władysław Laskonogi
15%
Książę zwiechrzni Bolesław Rogatka
12%
Książę zwiechrzni MIeszko Plątonogi
12%
Nie znaleziono quizów pasujących do podanych kryteriów
Rozkład punktacji
Procent ludzi z każdym wynikiem
Percentyl według liczby udzielonych odpowiedzi
Twoja historia wyników
Nie rozwiązałeś tego quizu